Statistics for Love Island 2023 contestants

Click here to take the quiz!

General Stats

  • This quiz has been taken 32 times
  • The average score is 21 of 32

Answer Stats

Answer% Correct
Mitchel Taylor
100%
Molly Marsh
100%
Ella Barnes
95%
Ella Thomas
95%
Jess Harding
95%
Whitney Adebayo
95%
Sammy Root
91%
Tyrique Hyde
91%
Zachariah Noble
91%
Zachary Ashford
91%
Lochan Nowacki
86%
Abi Moores
73%
Amber Wise
73%
Kady Mcdermott
73%
Scott van der Sluis
73%
Catherine Agbaje
68%
Mehdi Edno
64%
Andre Furtado
59%
Leah Taylor
59%
Ouzy See
59%
Ruchee Gurung
55%
Josh Brocklebank
50%
Charlotte Sumner
45%
Elom Ahlijah Wilson
45%
Mal Nicol
45%
Montel Mckenzie
45%
Gabby Jeffery
41%
George Fensom
41%
Kodie Murphy
36%
Tink Reading
36%
Benjamin Noel
32%
Danielle Mazhindu
18%

Score Distribution

Percentile by Number Answered

Percent of People with Each Score

Your Score History

You have not taken this quiz